Abingdon Bible handbook / (Record no. 11005)

MARC details
000 -LEADER
fixed length control field 00954cam a2200313 i 4500
001 - CONTROL NUMBER
control field 1270981
003 - CONTROL NUMBER IDENTIFIER
control field GBCCL
005 - DATE AND TIME OF LATEST TRANSACTION
control field 20251110141705.0
008 - FIXED-LENGTH DATA ELEMENTS--GENERAL INFORMATION
fixed length control field 750305s1975 tnuaf b 001 0 eng
020 ## - INTERNATIONAL STANDARD BOOK NUMBER
International Standard Book Number 0687001692
020 ## - INTERNATIONAL STANDARD BOOK NUMBER
International Standard Book Number 9780687001699
020 ## - INTERNATIONAL STANDARD BOOK NUMBER
International Standard Book Number 0687001706
035 ## - SYSTEM CONTROL NUMBER
System control number 1270981
040 ## - CATALOGING SOURCE
Original cataloging agency DLC
Transcribing agency DLC
Modifying agency DLC
082 00 - DEWEY DECIMAL CLASSIFICATION NUMBER
Classification number 220.61
Edition information 19
Item number BLA 1
100 1# - MAIN ENTRY--PERSONAL NAME
Personal name Blair, Edward Payson,
Dates associated with a name 1910-
245 10 - TITLE STATEMENT
Title Abingdon Bible handbook /
Statement of responsibility, etc. Edward P. Blair.
260 ## - PUBLICATION, DISTRIBUTION, ETC.
Place of publication, distribution, etc. Nashville :
Name of publisher, distributor, etc. Abingdon Press,
Date of publication, distribution, etc. [1975]
300 ## - PHYSICAL DESCRIPTION
Extent 511 p., [8] leaves of plates :
Other physical details ill. ;
Dimensions 24 cm.
336 ## - CONTENT TYPE
Content type term text
Content type code txt
Source rdacontent
337 ## - MEDIA TYPE
Media type term unmediated
Media type code n
Source rdamedia
338 ## - CARRIER TYPE
Carrier type term volume
Carrier type code nc
Source rdacarrier
500 ## - GENERAL NOTE
General note Includes index.
504 ## - BIBLIOGRAPHY, ETC. NOTE
Bibliography, etc. note Includes bibliographies.
630 #0 - SUBJECT ADDED ENTRY--UNIFORM TITLE
Uniform title Bible
Form subdivision Introductions.
906 ## - LOCAL DATA ELEMENT F, LDF (RLIN)
a 7
b cbc
c orignew
d 1
e ocip
f 19
g y-gencatlg
942 ## - ADDED ENTRY ELEMENTS (KOHA)
Source of classification or shelving scheme Dewey Decimal Classification
Koha item type Reference Books
Suppress in OPAC No
Holdings
Withdrawn status Lost status Source of classification or shelving scheme Damaged status Not for loan Home library Current Library Shelving location Date acquired Total checkouts Full call number Barcode Date last seen Copy number Price effective from Koha item type
    Dewey Decimal Classification     GRACE BIBLE COLLEGE GRACE BIBLE COLLEGE Handbook 2025-11-10   220.61 BLA 017252 2025-11-10 c.1 2025-11-10 Reference Books
© Grace Bible College Library 2025